|
|
|
|
| LEADER |
01442nam a2200409 a 4500 |
| 001 |
nkc20152685465 |
| 003 |
CZ PrNK |
| 005 |
20150514102155.0 |
| 007 |
ta |
| 008 |
150409s2014 xr a e f 000 0 cze |
| 015 |
|
|
|a cnb002685465
|
| 020 |
|
|
|a 978-80-7290-794-6
|q (brož.)
|
| 035 |
|
|
|a (OCoLC)908822039
|
| 040 |
|
|
|a ABA001
|b cze
|
| 072 |
|
7 |
|a 377
|x Odborné vzdělávání
|2 Konspekt
|9 22
|
| 080 |
|
|
|a 377.8
|2 MRF
|
| 080 |
|
|
|a 37.091.12-027.22
|2 MRF
|
| 080 |
|
|
|a (035)
|2 MRF
|
| 100 |
1 |
|
|a Řezníček, Jan,
|d 1945-
|7 jx20070529045
|4 aut
|
| 245 |
1 |
0 |
|a DidaEtika :
|b opora pro studenty na souvislých pedagogických praxích a pro začínající učitele /
|c Jan Řezníček, Martin Rusek
|
| 246 |
3 |
|
|a Didaetika
|
| 260 |
|
|
|a Praha :
|b Univerzita Karlova v Praze, Pedagogická fakulta,
|c 2014
|
| 300 |
|
|
|a 57 s. :
|b il. ;
|c 21 cm
|
| 500 |
|
|
|a 200 výt.
|
| 504 |
|
|
|a Obsahuje bibliografii
|
| 650 |
0 |
7 |
|a pedagogická praxe
|7 ph124011
|2 czenas
|
| 650 |
0 |
7 |
|a vzdělávání učitelů
|7 ph158324
|2 czenas
|
| 650 |
0 |
9 |
|a practice teaching
|2 eczenas
|
| 650 |
0 |
9 |
|a teacher education
|2 eczenas
|
| 655 |
|
7 |
|a příručky
|7 fd133209
|2 czenas
|
| 655 |
|
9 |
|a handbooks and manuals
|2 eczenas
|
| 700 |
1 |
|
|a Rusek, Martin,
|d 1985-
|7 mzk2012696144
|4 aut
|
| 910 |
2 |
|
|a BOA001
|b 2-1345.722
|
| 990 |
|
|
|a BK
|
| 995 |
|
|
|a 01
|
| 991 |
|
|
|b 201505
|c NOV
|e n
|
| 996 |
6 |
|
|b 2610629847
|c 2-1345.722
|l MZK
|r Sklad / do 1 hodiny
|n 4
|p p.v.
|w 001501396
|u 000010
|a 1
|e BOA001
|j MZK50
|s P
|